00672nam a2200217Ia 4500003000400000005001700004008004100021020001800062040001800080041000800098082001600106100004600122245003500168250000600203260003700209300001200246650003500258942001200293999001900305952013000324OSt20220522095834.0210716s2018 xx 000 0 und d a9789351198758 cAIMIT LIBRARY aeng a658.84 WITA aWittig, Michael; Witting, Andreas.938424 aAmazon web services in action. a1 aNew DelhibDreamtech Pressc2018 axxv,397 aInternational Marketing938425 2ddccBK c196985d196985 001040708MCAaAIMITbAIMITeKnowledge Worldg899.00l0o658.84 WITApMCA16500r2025-07-21 00:00:00v674.25w2021-07-16yBK